LIBRARY & INFORMATION CENTRE, KCAET, TAVANUR

ONLINE PUBLIC ACCESS CATALOGUE (OPAC)

Pre-degree chemistry university model question papers and answers complete answers / (Record no. 10953)

MARC details
000 -LEADER
fixed length control field 00487cam a2200181ua 4500
041 ## - LANGUAGE CODE
Language code of text/sound track or separate title eng
082 ## - DEWEY DECIMAL CLASSIFICATION NUMBER
Classification number 540
Item number ITT/PR
100 ## - MAIN ENTRY--AUTHOR NAME
Personal name Ittoopp, M .
245 ## - TITLE STATEMENT
Title Pre-degree chemistry university model question papers and answers complete answers /
250 ## - EDITION STATEMENT
Edition statement 1 /
260 ## - PUBLICATION, DISTRIBUTION, ETC. (IMPRINT)
Place of publication Kozhikode :
Name of publisher Deline publications ,
Year of publication 1967.
300 ## - PHYSICAL DESCRIPTION
Number of Pages 95 ; .
942 ## - ADDED ENTRY ELEMENTS (KOHA)
Koha item type Books
Holdings
Withdrawn status Lost status Damaged status Home library Current library Date acquired Full call number Accession Number Koha item type
Withdrawn     KAUAET Sanskrit University 07/04/2012 540 10877 Books
free website counter